[Event "FIDE World Cup"]
[Site "Tbilisi"]
[Date "2017.09.16"]
[Round "5.2"]
[White "Ding, Liren"]
[Black "Rapport, Richard"]
[Result "1-0"]
[WhiteElo "2777"]
[BlackElo "2675"]
[Annotator "Sagar Shah"]
[PlyCount "81"]
[EventDate "2017.09.03"]
[EventType "k.o."]
[EventRounds "7"]
[EventCountry "GEO"]
[SourceTitle "CBM 181"]
[Source "ChessBase"]
[SourceDate "2017.11.10"]
[SourceVersion "1"]
[SourceVersionDate "2017.11.10"]
[SourceQuality "1"]

{One of the biggest mistakes, in my opinion, made by Rapport is that he didn't
play for a win or even put the slightest of pressure on Ding Liren with the
white pieces. Now Ding had the white pieces and he wasn't going to take it
easy!} 1. d4 {[%emt 0:00:00]} Nf6 {[%emt 0:00:40]} 2. c4 {[%emt 0:01:19]} e6 {
[%emt 0:00:07]} 3. Nf3 {[%emt 0:00:19]} b6 {[%emt 0:00:13]} 4. g3 {[%emt 0:00:
06]} Bb7 {[%emt 0:00:05]} 5. Bg2 {[%emt 0:00:05]} Be7 {[%emt 0:00:16]} 6. O-O {
[%emt 0:00:07]} O-O {[%emt 0:00:04]} 7. Nc3 {[%emt 0:00:07]} Ne4 {[%emt 0:00:
06]} 8. Bd2 {[%emt 0:00:06]} Bf6 {[%emt 0:00:04] This is all well known and
has been seen many times and now Ding Liren comes up with a move that has been
played only once before.} 9. Re1 $5 {[%emt 0:00:09] According to the databases
this move has been played only once before between Adamski and Kruszynski.} a6
{[%emt 0:11:43] This is a weird move, the main idea is to make a waiting move,
threaten ...b5 in some instances and also play ...d6 followed by ...Nd7,
without having to worry about Ng5 ideas.} (9... d6 {might have been Rapport's
idea, but it leads to an inferior position after} 10. Ng5 $1 Nxc3 11. Qc2 $16)
10. Ne5 $1 {[%emt 0:16:55] This is a good practical decision, White maintains
slight pressure on the position.} (10. Rc1 {was also possible, but it leads to
normal positions.}) (10. Qc2 Nxd2 11. Qxd2 d6 {[%cal Gb8d7] Followed by ...Nd7
gives Black the bishop pair.}) 10... Nxc3 {[%emt 0:09:05]} 11. Bxc3 {[%emt 0:
00:06]} Bxg2 {[%emt 0:00:21]} 12. Kxg2 {[%emt 0:00:03] White is better
developed. It is a slight edge, but still not so easy to extinguish.} d6 {
[%emt 0:03:48]} 13. Ng4 {[%emt 0:01:57]} Be7 {[%emt 0:01:14]} 14. e4 {[%emt 0:
00:34]} b5 {[%emt 0:06:43] The problem with Rapport is that he can never play
normal chess! He will always try to go for activity.} ({In this position it
could have been better to just finish development with} 14... Nd7 {although
after 15.f4 Black is still worse. But now Ding plays very strong chess.}) 15.
Qe2 {[%emt 0:10:54]} bxc4 {[%emt 0:13:22]} 16. d5 {[%emt 0:01:09]} (16. Qxc4 {
was also possible and perhaps not at all a bad idea, but Ding wanted more.})
16... Qc8 {[%emt 0:05:33]} (16... e5 17. Ne3 $16) 17. e5 $1 {[%emt 0:21:52]
The Chinese player made this move after 22 minutes of thought. He invested a
lot of time in this idea and was able to calculate that he gets a good
position in all lines.} (17. Qxc4 {was also possible.}) 17... exd5 {[%emt 0:04:
22]} (17... Qb7 18. Rad1 $16) (17... dxe5 18. Qxe5 $18) 18. exd6 {[%emt 0:00:
05]} cxd6 $1 {[%emt 0:09:38]} (18... Bxd6 {which looks the most natural is
refuted by a very brilliant little queen move that was seen by Ding.} 19. Qf3
$3 Nd7 (19... Nc6 20. Bxg7 $1 $18) 20. Nh6+ $18) 19. Qxe7 {[%emt 0:08:35]} (19.
Rad1 $16 {was also possible keeping all the advantages intact.}) 19... d4 {
[%emt 0:01:09]} (19... Qxg4 20. Qb7 Nd7 {looks normal but White is better after
} 21. h3 Qf5 (21... Qg5 22. Qxd7 d4 $1 {and now White has to find the only
move to hold the advantage.} 23. Bb4 $1 $18 (23. Bxd4 $2 Qd5+ $17)) 22. g4 {
The knight is lost.} Qg5 (22... Nc5 23. Qxa8 $18 Qd7 24. Qxd5) 23. Qxd7 d4 24.
Bb4 $16) 20. Qe4 $6 {[%emt 0:03:48]} (20. Bxd4 Qxg4 21. Qxd6 Nc6 $1 22. Bc3 $16
{also gives White a very pleasant position.}) 20... Qc6 {[%emt 0:00:22] This
move was missed by Ding. But luckily it spoils nothing. White still has many
ways to keep his advantage.} (20... dxc3 21. Qxa8 cxb2 22. Rab1 c3 (22... Qxg4
23. Rxb2 Nd7 24. Re8) 23. Ne3) 21. Bxd4 {[%emt 0:03:36]} f5 {[%emt 0:01:49]} (
21... Qxe4+ 22. Rxe4 f5 23. Re7 $1 Nc6 (23... Rf7 24. Re8+ Rf8 25. Rxf8+ Kxf8
26. Ne3 $18) 24. Rxg7+ Kh8 25. Rg8+ $1 Kxg8 26. Nh6# {A nice variation
suggested by Surya Sekhar Ganguly on Twitter.}) 22. Qxc6 {[%emt 0:01:13]} Nxc6
{[%emt 0:00:02]} 23. Ne3 {[%emt 0:02:33]} (23. Bxg7 {was also possible, but
Ding decides to keep things simple.}) 23... Nxd4 {[%emt 0:00:16]} 24. Rad1 {
[%emt 0:00:06] White is a pawn down, but all of Black's pawns are weak and
they are soon going to fall one by one.} f4 {[%emt 0:05:37]} 25. Rxd4 {[%emt 0:
01:11]} fxe3 {[%emt 0:00:10]} 26. Rxe3 {[%emt 0:00:02] Such positions are Ding
Liren's forte. As he said after the game, the endgame might not be winning,
but it is extremely unpleasant to play as Black here.} Rab8 {[%emt 0:21:00]}
27. Re2 {[%emt 0:00:06]} c3 {[%emt 0:00:31]} (27... d5 28. Rxd5 $16) 28. bxc3 {
[%emt 0:00:09]} Rb6 {[%emt 0:00:33]} 29. Rb4 $1 {[%emt 0:02:30]} Rxb4 {[%emt 0:
01:58]} 30. cxb4 {[%emt 0:00:04]} Rb8 {[%emt 0:00:30]} 31. Rb2 {[%emt 0:01:18]}
Kf7 {[%emt 0:00:20]} 32. Kf3 {[%emt 0:00:55]} Ke6 {[%emt 0:00:35]} 33. Ke4 {
[%emt 0:00:19]} d5+ {[%emt 0:00:31]} 34. Kd3 {[%emt 0:01:15]} Kd6 {[%emt 0:01:
08]} 35. a4 {[%emt 0:00:47]} Rb7 {[%emt 0:02:10]} 36. f4 {[%emt 0:01:05]} h5 {
[%emt 0:01:32]} 37. b5 $1 {[%emt 0:04:34] This move shows good confidence in
your calculation.} (37. Kd4 {was also possible.}) 37... axb5 {[%emt 0:00:32]}
38. axb5 {[%emt 0:00:04]} Kc5 {[%emt 0:00:46]} 39. Rc2+ $1 {[%emt 0:00:06]}
Kxb5 {[%emt 0:00:28]} 40. Kd4 {[%emt 0:00:00] White has given up the pawn, but
cut off his opponent's king.} Rf7 {[%emt 0:00:35]} 41. Kxd5 {[%emt 0:00:55] It
might be a case of premature resignation, but I was quite sure that White
would have been able to convert his advantage.} 1-0

[Event "FIDE World Cup"]
[Site "Tbilisi"]
[Date "2017.09.16"]
[Round "5.2"]
[White "Ivanchuk, Vassily"]
[Black "Aronian, Levon"]
[Result "1/2-1/2"]
[WhiteElo "2728"]
[BlackElo "2799"]
[Annotator "Sagar Shah"]
[PlyCount "137"]
[EventDate "2017.09.03"]
[EventType "k.o."]
[EventRounds "7"]
[EventCountry "GEO"]
[SourceTitle "CBM 181"]
[Source "ChessBase"]
[SourceDate "2017.11.10"]
[SourceVersion "1"]
[SourceVersionDate "2017.11.10"]
[SourceQuality "1"]

1. c4 {[%emt 0:00:00]} Nf6 {[%emt 0:00:05]} 2. g3 {[%emt 0:00:00]} e6 {[%emt 0:
00:21]} 3. Bg2 {[%emt 0:00:00]} d5 {[%emt 0:00:07]} 4. Nf3 {[%emt 0:00:00]}
dxc4 {[%emt 0:00:19]} 5. Qa4+ {[%emt 0:00:00]} Bd7 {[%emt 0:00:05]} 6. Qxc4 {
[%emt 0:00:01]} c5 {[%emt 0:00:05]} 7. Ne5 {[%emt 0:01:03]} Qc8 {[%emt 0:00:04]
} 8. d3 {[%emt 0:04:07]} (8. O-O) 8... Nc6 {[%emt 0:00:32]} 9. Nxd7 {[%emt 0:
00:04]} Qxd7 {[%emt 0:00:08]} 10. Nd2 {[%emt 0:00:02]} Nd4 {[%emt 0:08:46]} 11.
Nf3 {[%emt 0:02:52]} b5 {[%emt 0:00:18]} 12. Qc3 {[%emt 0:00:06]} Nd5 {[%emt 0:
00:06]} 13. Qd2 {[%emt 0:00:06]} Be7 {[%emt 0:00:50]} 14. O-O {[%emt 0:00:42]
According to Aronian, this position is slightly more pleasant for White as
Black has to prove what has he got in return for giving his opponent the
bishop pair.} O-O {[%emt 0:01:06]} 15. Qd1 {[%emt 0:00:02]} Nxf3+ {[%emt 0:04:
12]} 16. Bxf3 {[%emt 0:00:10]} Rac8 {[%emt 0:00:11]} 17. a3 {[%emt 0:02:58]}
Bf6 {[%emt 0:03:43]} 18. e3 {[%emt 0:01:32]} Rfd8 {[%emt 0:02:11]} 19. Qc2 {
[%emt 0:00:33]} Ne7 {[%emt 0:15:31]} 20. Be4 {[%emt 0:07:00]} (20. Rd1 Nc6 $11)
20... Nc6 {[%emt 0:04:51]} 21. Rd1 {[%emt 0:00:43]} Be7 {[%emt 0:02:32]} 22. f4
{[%emt 0:04:09]} f5 {[%emt 0:07:39]} 23. Bf3 {[%emt 0:00:10]} Bf6 {[%emt 0:00:
30] White has the bishop pair, but Black's space and active pieces, give White
no hope for an advantage.} 24. Rb1 {[%emt 0:00:05]} Ne7 {[%emt 0:08:39]} 25.
Be2 {[%emt 0:01:58]} e5 {[%emt 0:06:07]} 26. fxe5 {[%emt 0:00:52]} Bxe5 {
[%emt 0:00:07]} 27. Bd2 {[%emt 0:00:05]} Qd5 {[%emt 0:05:07]} 28. Be1 {[%emt 0:
04:48]} Kh8 {[%emt 0:04:28]} 29. Bf1 {[%emt 0:00:44] Ivanchuk is placing his
pieces on the last rank. He is trying to make use of the spring theory, where
he would like his pieces to get active all of a sudden, but I guess it is
asking for too much out of them.} Qe6 {[%emt 0:04:30]} 30. Bf2 {[%emt 0:00:26]}
Nd5 {[%emt 0:04:39]} 31. Qb3 {[%emt 0:00:53]} Qh6 {[%emt 0:01:27]} 32. Re1 {
[%emt 0:01:28]} a6 {[%emt 0:04:05]} 33. d4 {[%emt 0:05:57]} cxd4 {[%emt 0:02:
46]} 34. exd4 {[%emt 0:00:05]} Bb8 $11 {[%emt 0:00:54]} 35. Bg2 {[%emt 0:05:16]
} Nf6 {[%emt 0:00:10]} 36. Re6 {[%emt 0:00:07]} f4 {[%emt 0:05:29]} 37. Rbe1 {
[%emt 0:05:47]} (37. d5 fxg3 38. hxg3 Qh5 $17) 37... fxg3 {[%emt 0:03:47]} 38.
hxg3 {[%emt 0:00:01]} Rf8 {[%emt 0:01:51]} 39. d5 {[%emt 0:02:03]} Qh5 {
[%emt 0:00:38]} 40. Bf3 {[%emt 0:00:00]} Qh3 {[%emt 0:00:51]} 41. Bd1 {[%emt 0:
00:29] This is stretching it, but Black is happy with a draw, and White isn't.
So the game has to continue.} Rcd8 $6 {[%emt 0:04:32]} (41... Ng4 $6 42. Bxg4
Qxg4 $11) (41... Ng8 $1 {The best move.} 42. Qe3 Rcd8 $17) 42. Qf3 {[%emt 0:02:
35]} h5 {[%emt 0:05:26]} (42... Nxd5 43. Qg4 Qxg4 44. Bxg4 $13) 43. Qg2 {
[%emt 0:30:19]} Qxg2+ {[%emt 0:01:21]} 44. Kxg2 {[%emt 0:01:08]} Rxd5 {[%emt 0:
00:04]} 45. Bc2 {[%emt 0:00:45]} a5 {[%emt 0:03:16]} 46. R1e2 {[%emt 0:01:38]}
Bd6 {[%emt 0:04:50]} 47. Be3 {[%emt 0:01:40]} Bc5 {[%emt 0:08:29]} 48. Bc1 {
[%emt 0:06:49]} (48. Bf4 $14) 48... g5 {[%emt 0:03:50] As Levon said after the
game, once he got in this move he was very confident about his chances to hold
the game.} 49. Ra6 {[%emt 0:05:10]} Ng4 {[%emt 0:00:28]} 50. Rae6 {[%emt 0:02:
47]} Rf2+ {[%emt 0:02:56]} 51. Rxf2 {[%emt 0:00:05]} Bxf2 {[%emt 0:00:02]} 52.
Be4 {[%emt 0:01:38]} Rc5 {[%emt 0:00:45]} 53. Bd2 {[%emt 0:00:16]} Bd4 {
[%emt 0:00:07]} 54. b4 {[%emt 0:00:45]} axb4 {[%emt 0:00:04]} 55. axb4 {
[%emt 0:00:03]} Re5 {[%emt 0:01:08]} 56. Rxe5 {[%emt 0:00:03]} Nxe5 {[%emt 0:
00:10]} 57. Bxg5 {[%emt 0:00:01] This endgame is only ever so slightly better
for White. But Ivanchuk played on until the end.} Kg7 {[%emt 0:00:20]} 58. Bd2
{[%emt 0:00:19]} Nc4 {[%emt 0:01:42]} 59. Be1 {[%emt 0:00:02]} Nd6 {[%emt 0:00:
41]} 60. Bd3 {[%emt 0:00:12]} Bf6 {[%emt 0:00:36]} 61. Kf3 {[%emt 0:00:21]} Bg5
{[%emt 0:00:27]} 62. Ke2 {[%emt 0:00:44]} Kf6 {[%emt 0:00:23]} 63. Bc3+ {
[%emt 0:00:05]} Ke6 {[%emt 0:00:18]} 64. Kf3 {[%emt 0:00:01]} Nc4 {[%emt 0:00:
23]} 65. Be2 {[%emt 0:00:37]} Kf5 {[%emt 0:01:01]} 66. Bd4 {[%emt 0:00:25]}
Ne5+ {[%emt 0:00:20]} 67. Kg2 {[%emt 0:00:05]} Nc6 {[%emt 0:00:12]} 68. Bc3 {
[%emt 0:00:19]} Be7 {[%emt 0:00:14]} 69. Bxb5 {[%emt 0:00:08] A draw was
agreed and Levon advanced to the next round.} 1/2-1/2

[Event "FIDE World Cup"]
[Site "Tbilisi"]
[Date "2017.09.19"]
[Round "6.1"]
[White "Aronian, Levon"]
[Black "Vachier Lagrave, Maxime"]
[Result "1/2-1/2"]
[WhiteElo "2799"]
[BlackElo "2789"]
[Annotator "Sagar Shah"]
[PlyCount "63"]
[EventDate "2017.09.03"]
[EventType "k.o."]
[EventRounds "7"]
[EventCountry "GEO"]
[SourceTitle "CBM 181"]
[Source "ChessBase"]
[SourceDate "2017.11.10"]
[SourceVersion "1"]
[SourceVersionDate "2017.11.10"]
[SourceQuality "1"]

{If I had to choose someone between the two, it would be MVL. Not by a big
margin, but I do think that this format somehow suits him better. But, and
this is a big but, Levon with the white pieces is a very dangerous opening
theoretician. He always has new ideas up his sleeve. MVL has to be careful.} 1.
d4 {[%emt 0:00:00]} Nf6 {[%emt 0:00:04]} 2. c4 {[%emt 0:00:00]} g6 {[%emt 0:00:
03]} 3. Nc3 {[%emt 0:00:00]} d5 {[%emt 0:00:03] Of course, when it is MVL you
can expect the Grünfeld.} 4. cxd5 {[%emt 0:00:00]} Nxd5 {[%emt 0:00:03]} 5. e4
{[%emt 0:00:02]} Nxc3 {[%emt 0:00:04]} 6. bxc3 {[%emt 0:00:04]} Bg7 {[%emt 0:
00:04]} 7. Nf3 {[%emt 0:00:05]} c5 {[%emt 0:00:06]} 8. Rb1 $5 {[%emt 0:00:05]
Whenever this move is played, I have a feeling that the players will blitz out
their moves and will agree to a draw somewhere around the 30th move mark! Well,
if Levon is playing it at such an important moment in the tournament, he
surely has something prepared.} O-O {[%emt 0:00:26]} 9. Be2 {[%emt 0:00:04]}
cxd4 {[%emt 0:00:08]} 10. cxd4 {[%emt 0:00:06]} Qa5+ {[%emt 0:00:05]} 11. Bd2 {
[%emt 0:00:06]} Qxa2 {[%emt 0:00:05] This pawn sacrifice which surely looks
risky has been seen in nearly 1500 games before!} 12. O-O {[%emt 0:00:05]} Bg4
{[%emt 0:00:56]} 13. Be3 {[%emt 0:00:17]} Nc6 {[%emt 0:01:50]} 14. d5 {[%emt 0:
01:14]} Na5 {[%emt 0:00:19] Of course the players are still blitzing out their
moves.} 15. Bg5 {[%emt 0:00:08]} b6 {[%emt 0:01:57]} 16. Bxe7 {[%emt 0:00:09]}
Rfe8 {[%emt 0:00:05]} 17. d6 {[%emt 0:00:05]} Nc6 {[%emt 0:00:08]} 18. Bb5 {
[%emt 0:00:19]} Nxe7 {[%emt 0:00:06]} 19. h3 {[%emt 0:00:57]} (19. Bxe8 {
has been seen in 10 games before this.} Rxe8 20. dxe7 Qa3 21. h3 Bxf3 22. Qxf3
Qxf3 {is an additional option that Black doesn't get in the main game.} (22...
Qxe7 {transposes to the main game.})) 19... Bxf3 {[%emt 0:00:47]} 20. Qxf3 {
[%emt 0:00:05] The knight is unusually trapped!} Qe6 {[%emt 0:00:12]} 21. Bxe8
{[%emt 0:00:05]} Rxe8 {[%emt 0:00:08]} 22. dxe7 {[%emt 0:00:04]} Qxe7 {[%emt 0:
02:13]} (22... Rxe7 23. Rfe1 Bd4 24. Rbd1 Qe5 25. Rd3 a5 26. Qd1 Bc5 27. Re2
Re6 28. g3 Rd6 29. Kg2 Rxd3 30. Qxd3 a4 31. Rd2 a3 32. Qc4 Kg7 33. Rd7 Qf6 34.
f4 Qb2+ 35. Kf3 Qf2+ 36. Kg4 h5+ 37. Kh4 g5+ 38. fxg5 Kg6 39. Qc3 f6 40. Rd5 a2
41. Rf5 Qf4+ 42. gxf4 Bf2+ 43. Qg3 Bxg3+ 44. Kxg3 a1=Q 45. Rxf6+ Kg7 46. e5 b5
47. Kh4 b4 48. Kxh5 Qd1+ 49. Kh4 b3 50. e6 b2 51. Rf7+ Kg8 52. Rb7 b1=Q 53.
Rxb1 Qxb1 54. Kg4 Qe4 {0-1 (54) Gelfand,B (2733)-Shirov,A (2699) Odessa 2007})
23. Rfd1 {[%emt 0:00:19]} Bf8 {[%emt 0:00:21]} 24. Rbc1 {[%emt 0:05:34] The
first new move of the game. And a good moment to take stock of things. What do
you think is happening. Well we could just take into consideration that both
near to 2800 players are playing at lightning speed and they are very well
prepared, so it should be a draw. But if we keep this aside, I think it is an
interesting position to analyse. The move 23...Bf8, clearly points out that
Black would like to put his pawn on a5 and bishop on c5. Once he gets that he
shouldn't really be worse. White's only chances are attached to his rooks
penetrating into Black's position. I would say that the position is balanced
with Black really having nothing much to worry about.} (24. Rd4 Qe6 25. Qb3
Qxb3 26. Rxb3 Bc5 27. Ra4 a5 28. Kf1 Bb4 29. Rbxb4 axb4 30. Rxb4 Re6 31. Ke2
Kf8 32. Ke3 Rc6 33. f4 {1/2-1/2 (33) Shulman,Y (2617)-Svidler,P (2739) Ningbo
2011}) 24... Qxe4 {[%emt 0:09:22]} 25. Qc3 $5 {[%emt 0:02:38] A very
interesting decision by Aronian. He realises that exchanging the queen will in
all probability lead to a draw, so he keeps the queen and his clock still
shows 1:29:59, which means this is his preparation. But as many people said
after the game, they absolutely did not understand what Aronian's preparation
was all about. He has just landed in a position where White has no real
chances to win.} (25. Qxe4 Rxe4 26. Rd7 a5 27. Rc6 (27. Rcc7 Rf4 $1 28. g3 Rf6
29. Kg2 Bc5 $15) 27... a4 (27... Bc5 28. Rf6 Re1+ 29. Kh2 a4 30. Rfxf7 a3 31.
Rg7+ Kf8 32. Rxh7 Ke8 $13) 28. Rxb6 a3 $11 {This shouldn't be anything for
White, with the pawn so far advanced and defended by the bishop.}) 25... Qb4 {
[%emt 0:13:57]} (25... Bc5 $1 {would have been a good idea.} 26. Re1 Qc6 27.
Rxe8+ Qxe8 $15) 26. Qa1 {[%emt 0:04:11]} Bc5 {[%emt 0:05:13]} (26... a5 {
was possible, but MVL is trying to get some clarity in the position by
creating threats.}) 27. Qxa7 {[%emt 0:01:22]} Qb2 {[%emt 0:00:17] The f2-pawn
is not attacked and Rf1 will be met with ...Re2.} 28. Kh1 $1 {[%emt 0:01:07] A
nice move by Levon. Now taking the f2-pawn will lead to a rook coming on f1
and attacking the f7-pawn.} Bxf2 {[%emt 0:09:20] Maxime is not really afraid
of the rook coming to f1.} 29. Qb7 {[%emt 0:00:10]} (29. Rf1 {was also
possible and White has some pressure, but nothing special.}) 29... Qe2 {
[%emt 0:04:31]} 30. Rf1 {[%emt 0:00:09]} Rf8 {[%emt 0:00:19]} 31. Qc6 {[%emt 0:
01:34]} Bc5 32. Rce1 {The f7-point is defended by the rook. The b6-point, by
the bishop, so in short there is no real problem for Black. Levon realised
this and offered a draw.} 1/2-1/2